=LDR 00000nam 2200000 4500 =001 001176 =005 20250710121624 =035 ##$$a 0010-0725000079 =007 ta =008 250710################a##########0#ind## =020 ##$$a 978-623-118-829-8 =082 ##$$a 398.209 598 =084 ##$$a 398.209 598 ADI d =100 #$$a Adiputri, Zulfa =245 1#$$a Di Hati Riri /$c Zulfa Adiputri =250 ##$$a Cetakan Pertama =260 ##$$a Jakarta Timur :$b Badan Pengembangan dan Pembinaan Bahasa,$c 2022 =300 ##$$a 36 hlm : $b ilus. ; $c 29,7 cm =650 #4$$a Cerita Bergambar =600 #4$$a Cerita anak-Indonesia =856 ##$$a TBM AS SUHADA